Catalog

Record Details

Catalog Search



Světlo v pralese : život a dílo Alberta Schweitzera  Cover Image Book Book

Světlo v pralese : život a dílo Alberta Schweitzera / Willy Petrickij ; [z ruského originálu ... přeložila a vysvětlivky napsala Eva Dolejšová ; doslov napsal Eduard Wondrák ; graficky upravila Radmila Kunová]

Petrickij, Villi Aleksandrovič, 1931- (Author). Wondrák, Eduard, 1919-1996 (Author of afterword, colophon, etc.). Dolejšová, Eva, 1928- (Translator, Editor).

Record details

  • Physical Description: 269 s. : il. ; 25 cm
  • Edition: 1. vyd.
  • Publisher: Praha : Albatros, 1985

Content descriptions

General Note:
Vysvětl.
Fot. na frontispisu
20000 výt.
Pozn.
Target Audience Note:
Pro čtenáře od 12 let
Subject: Schweitzer, Albert, 1875-1965
Genre: biografie
publikace pro mládež

Available copies

  • 1 of 1 copy available at Common Catalog SPOK.

Holds

  • 0 current holds with 1 total copy.
Show Only Available Copies
Location Call Number / Copy Notes Barcode Shelving Location Status Due Date
Jabok Library VO-1.2.1/S 424480001110 Odborná literatura Available -

LDR 01763nam a2200457 a 4500
00112791
003CZ-PrJAB
00520190830091734.0
007tu
008860909s1985 xr j | u000 0bcze
015 . ‡acnb000014161
020 . ‡q(Váz.) : ‡c30 Kčs
035 . ‡a(CZ PrNK)ck8603301
035 . ‡a(OCoLC)39420539
040 . ‡aABA001 ‡bcze ‡dABA001
0411 . ‡acze ‡hrus
072 7. ‡a929 ‡xBiografie ‡2Konspekt ‡98
072 7. ‡a0/9-053.2 ‡xLiteratura pro děti a mládež (naučná) ‡2Konspekt ‡926
080 . ‡a929 ‡2MRF
080 . ‡a(0.053.6) ‡2MRF
1001 . ‡aPetrickij, Villi Aleksandrovič, ‡d1931- ‡7jx20071222002 ‡4aut
24510. ‡aSvětlo v pralese : ‡bživot a dílo Alberta Schweitzera / ‡cWilly Petrickij ; [z ruského originálu ... přeložila a vysvětlivky napsala Eva Dolejšová ; doslov napsal Eduard Wondrák ; graficky upravila Radmila Kunová]
250 . ‡a1. vyd.
260 . ‡aPraha : ‡bAlbatros, ‡c1985 ‡f(Rudé právo)
300 . ‡a269 s. : ‡bil. ; ‡c25 cm
4901 . ‡aŽivotopisy ; ‡vsv. 19
500 . ‡aVysvětl.
500 . ‡aFot. na frontispisu
500 . ‡a20000 výt.
500 . ‡aPozn.
5218 . ‡aPro čtenáře od 12 let
60017. ‡aSchweitzer, Albert, ‡d1875-1965 ‡7jn19990007906 ‡2czenas
655 7. ‡abiografie ‡7fd131909 ‡2czenas
655 7. ‡apublikace pro mládež ‡7fd133157 ‡2czenas
7001 . ‡aWondrák, Eduard, ‡d1919-1996 ‡7jk01151800 ‡4aft
7001 . ‡aDolejšová, Eva, ‡d1928- ‡7jk01022584 ‡4trl ‡4edt
7650 . ‡tSvet v džungljach ‡9Česky
830 0. ‡aŽivotopisy (Albatros)
910 . ‡aABG312
995 . ‡aska
901 . ‡a12791 ‡bCZ PrNK ‡c12791 ‡tbiblio

Additional Resources